Engineering chemistry (Record no. 136623)

000 -LEADER
fixed length control field 00290nam a2200121Ia 4500
008 - FIXED-LENGTH DATA ELEMENTS--GENERAL INFORMATION
fixed length control field 220120s9999||||xx |||||||||||||| ||und||
020 ## - INTERNATIONAL STANDARD BOOK NUMBER
International Standard Book Number 8128002384
082 ## - DEWEY DECIMAL CLASSIFICATION NUMBER
Classification number 540 RAB
100 ## - MAIN ENTRY--PERSONAL NAME
Personal name Rabindra
9 (RLIN) 11578
245 #0 - TITLE STATEMENT
Title Engineering chemistry
260 ## - PUBLICATION, DISTRIBUTION, ETC.
Name of publisher, distributor, etc. Bangalore
Date of publication, distribution, etc. 2000
300 ## - PHYSICAL DESCRIPTION
Extent 515p.
Other physical details 250
Holdings
Withdrawn status Lost status Damaged status Not for loan Collection code Home library Current library Date acquired Barcode Date last seen Price effective from Koha item type
        Humanity Science Central Library Central Library 01/20/2022 GF482 01/20/2022 01/20/2022 Gift Books

Powered by Koha